000
00361nam a2200133Ia 4500
008
100328s9999 xx 000 0 und d
082
_b
59393
100
_a
दवणे प्रवीण.
245
_a
सावर रे-1.
260
_b
नवचैतन्य.
630
_a
सावर रे-1.
730
_a
सावर रे-1.
942
_c
BOOK
999
_c
545626
_d
545623